| 000 | 00522nam a2200205 a 4500 | ||
|---|---|---|---|
| 999 |
_c4488 _d4488 |
||
| 003 | BD-JhCC | ||
| 005 | 20171127202401.0 | ||
| 008 | 171109s1950 bg |||| |||| 000 0 ben d | ||
| 035 | _a(BD-JhCC) | ||
| 040 |
_aBD-JhCC _dBD-JhCC |
||
| 041 | _aben | ||
| 082 |
_a914.2 _bJOR 1950 |
||
| 100 | _aJorre, Georges | ||
| 245 |
_aThe Soviet Union / _cGeorges Jorre _bThe land and its people |
||
| 260 |
_aLondon: _bLongmans; _c1950 |
||
| 300 |
_a379 p. : _c22 cm. |
||
| 650 | _aSoviet Union | ||
| 942 |
_2ddc _cBK |
||